000 00306nam a22001217a 4500
008 260429b |||||||| |||| 00| 0 eng d
082 _a001363
100 _aPanday, Janardhan Shastri
245 _aShishupalavadha Mahakavyam I
260 _aDelhi
_bMotilal Banarasidass
_c2017
300 _a86p
942 _2ddc
999 _c1363
_d1363